=LDR 00000nam 2200000 4500 =001 INLIS000000000054323 =005 20260310104951 =035 ##$$a 0010-0120000101 =007 ta =008 260310################g##########0#ind## =020 ##$$a 978-602-5849-56-5 =082 ##$$a 351.076 =084 ##$$a 351.076 BIG b =245 1#$$a Big modal tes seleksi CPNS-ASN 2019\2020 /$c Tim Psikologi Nusantara =260 ##$$a Jakarta :$b Buku pintar indonesia,$c 2019 =300 ##$$a 563 hlm. : $b ilus. ; $c 28 cm =700 #$$a Mehdy Zidane (editor) =504 ##$$a Bibliografi : hlm. 561 =600 #4$$a Pegawai negeri - ujian, soal, dsb. =111 ##$$a Tim Psikologi Nusantara =990 ##$$a 21900819 =990 ##$$a 21900818 =990 ##$$a 21900817 =990 ##$$a 21900816